zpět

Detail výsledku týmu

Cabaret café bar, Olomouc

Datum a čas kvízu

23 Celkem bodů Celkový počet nahraných bodů na tomto kvízu bez doplňovacích otázek.
7. Pořadí na kvízu Konečné umístění týmu na tomto kvízu.

Zaznamenané odpovědi

# Otázka Odpověď Body Výsledky
1. Úředníci pražského katastrální... 0
2. Extrémní sněhovou nadílku, kte... 0
3. Jistá značka vodky přišla tent... 0
4. Který muzikant doprovodil svou... 0
5. Norští olympijští kuchaři si s... 1
6. Ke které knize odkazuje tento... 1
7. Jak se jmenuje pás ostrovů, do... 1
8. Tato fotka byla pořízena na pr... 0
9. Zapátrejte v paměti a napište,... 1
10. Kterou lichotivou přezdívkou č... 1